Catálogo

Borges : (Registro nro. 62305)

Detalles MARC
000 -LEADER
fixed length control field 00890cam a2200253 i 4500
001 - CONTROL NUMBER
control field 62305
005 - DATE AND TIME OF LATEST TRANSACTION
control field 20180714064254.0
008 - FIXED-LENGTH DATA ELEMENTS--GENERAL INFORMATION
fixed length control field 150323s1999 mx o r 000 0 spa d
020 ## - INTERNATIONAL STANDARD BOOK NUMBER
International Standard Book Number 9682322022
040 ## - CATALOGING SOURCE
Original cataloging agency MX-PuUPA
Language of cataloging spa
Description conventions rda
Transcribing agency Mx-PuUPA
Modifying agency Mx-PuUPA
041 ## - LANGUAGE CODE
Language code of text/sound track or separate title spa
082 0# - DEWEY DECIMAL CLASSIFICATION NUMBER
Classification number 860.01
Item number BLO
100 1# - MAIN ENTRY--PERSONAL NAME
Personal name Block de Behar, Lisa,
Dates associated with a name 1973-
Relator term autor
245 10 - TITLE STATEMENT
Title Borges :
Remainder of title la pasión de una cita sin fin /
Statement of responsibility, etc. por Lisa Block de Behar.
250 ## - EDITION STATEMENT
Edition statement Primera edición
264 #1 - PRODUCTION, PUBLICATION, DISTRIBUTION, MANUFACTURE, AND COPYRIGHT NOTICE
Place of production, publication, distribution, manufacture México, D.F. :
Name of producer, publisher, distributor, manufacturer Siglo xxi Editores,
Date of production, publication, distribution, manufacture, or copyright notice 1999
300 ## - PHYSICAL DESCRIPTION
Extent 183 páginas :
Other physical details fotografías ;
Dimensions 21 cm.
336 ## - CONTENT TYPE
Content type term texto
Source rdacontent
337 ## - MEDIA TYPE
Media type term sin mediación
Source rdamedia
338 ## - CARRIER TYPE
Carrier type term volumen
Source rdamedia
490 0# - SERIES STATEMENT
Series statement Lingüística y teoría literaria
600 14 - SUBJECT ADDED ENTRY--PERSONAL NAME
Personal name Borges, H¿Jorge Luis,
Chronological subdivision 1899-1986
General subdivision Crítica e interpretación
650 #4 - SUBJECT ADDED ENTRY--TOPICAL TERM
Topical term or geographic name entry element Autores argentinos
General subdivision Crítica e interpretación
Existencias
Withdrawn status Lost status Source of classification or shelving scheme Damaged status Not for loan Collection code Home library Current library Shelving location Date acquired Source of acquisition Inventory number Total Checkouts Full call number Barcode Date last seen Date last checked out Price effective from Koha item type
    Dewey Decimal Classification     General Biblioteca Karol Wojtyla Biblioteca Karol Wojtyla Sala general 29/11/2017 Compra 151000000000000000033371 3 860.01 BLO 1999 98457 05/01/2026 30/01/2020 29/11/2017 Libro
    Dewey Decimal Classification     General Tehuacán Tehuacán Sala general 23/03/2015 Compra     868.4 BOR 1999 509703 08/01/2025   23/03/2015 Libro